Normal view
MARC view
- David Semple
Entry Corporate Name
001 - CONTROL NUMBER
- control field: 122907
003 - CONTROL NUMBER IDENTIFIER
- control field: NUST
005 - DATE AND TIME OF LATEST TRANSACTION
- control field: 20240523152935.0
008 - FIXED-LENGTH DATA ELEMENTS
- fixed length control field: 240523|| aca||aabn | a|a d
040 ## - CATALOGING SOURCE
- Original cataloging agency: NUST
- Transcribing agency: NUST
110 ## - HEADING--CORPORATE NAME
- Corporate name or jurisdiction name as entry element: David Semple
670 ## - SOURCE DATA FOUND
- Source citation: Work cat.: (NUST): Russel Punter 122906, Ape's Great Escape, 2018.
